Competency Manual for Radiographic Anatomy Positioning/ (Record no. 3329)
[ view plain ]
| 000 -LEADER | |
|---|---|
| fixed length control field | 00463nam a22001457a 4500 |
| 005 - DATE AND TIME OF LATEST TRANSACTION | |
| control field | 20250131195646.0 |
| 008 - FIXED-LENGTH DATA ELEMENTS--GENERAL INFORMATION | |
| fixed length control field | 250131b |||||||| |||| 00| 0 eng d |
| 020 ## - INTERNATIONAL STANDARD BOOK NUMBER | |
| International Standard Book Number | 9780838582398 |
| 050 ## - LIBRARY OF CONGRESS CALL NUMBER | |
| Classification number | RC78.2 COR |
| 100 ## - MAIN ENTRY--PERSONAL NAME | |
| Personal name | Cornuelle, Andrea Gauthier |
| 245 ## - TITLE STATEMENT | |
| Title | Competency Manual for Radiographic Anatomy Positioning/ |
| Statement of responsibility, etc. | Andrea Gauthier Cornuelle |
| 260 ## - PUBLICATION, DISTRIBUTION, ETC. | |
| Place of publication, distribution, etc. | Stamford, Connecticut |
| Name of publisher, distributor, etc. | Appleton & Lange |
| Date of publication, distribution, etc. | 1998 |
| 300 ## - PHYSICAL DESCRIPTION | |
| Extent | ix. 315p. |
| Other physical details | ill. |
| Dimensions | 27.5cm |
| 942 ## - ADDED ENTRY ELEMENTS (KOHA) | |
| Source of classification or shelving scheme | Library of Congress Classification |
| Koha item type | Books |
| Suppress in OPAC | No |
| 999 ## - | |
| -- | 3329 |
| -- | 3329 |
| Withdrawn status | Lost status | Source of classification or shelving scheme | Damaged status | Not for loan | Collection | Home library | Current library | Shelving location | Date acquired | Total checkouts | Full call number | Barcode | Date last seen | Copy number | Price effective from | Koha item type |
|---|---|---|---|---|---|---|---|---|---|---|---|---|---|---|---|---|
| Library of Congress Classification | Non-fiction | Science Library (Miotso) | Science Library (Miotso) | General stacks | 01/31/2025 | RC78.2 COR | SLM00002728 | 01/31/2025 | 1 | 01/31/2025 | Books | |||||
| Library of Congress Classification | Non-fiction | Science Library (Miotso) | Science Library (Miotso) | General stacks | 01/31/2025 | RC78.2 COR | SLM00002729 | 01/31/2025 | 2 | 01/31/2025 | Books | |||||
| Library of Congress Classification | Non-fiction | Science Library (Miotso) | Science Library (Miotso) | General stacks | 01/31/2025 | RC78.2 COR | SLM00002730 | 01/31/2025 | 3 | 01/31/2025 | Books | |||||
| Library of Congress Classification | Non-fiction | Science Library (Miotso) | Science Library (Miotso) | General stacks | 01/31/2025 | RC78.2 COR | SLM00002731 | 01/31/2025 | 4 | 01/31/2025 | Books | |||||
| Library of Congress Classification | Non-fiction | Science Library (Miotso) | Science Library (Miotso) | General stacks | 01/31/2025 | RC78.2 COR | SLM00002732 | 01/31/2025 | 5 | 01/31/2025 | Books |